Fifa 22 - ikony - Statystyki

Ogólne statystyki
  • Ten quiz został rozwiązany 2 354 razy
  • Średni wynik to 59 z 105
Statystyki odpowiedzi
Odpowiedź % Poprawnych
Argentyna Maradona
87%
Brazylia Pelé
85%
Brazylia Ronaldo
84%
Brazylia Ronaldinho
77%
Brazylia Carlos
75%
Niemcy Lahm
71%
Irlandia Północna Best
69%
Czechy Cech
69%
Wybrzeże Kości Słoniowej Drogba
69%
Kamerun Eto
69%
Rosja Yashin
69%
Francja Zidane
69%
Holandia Gullit
68%
Włochy Maldini
68%
Japonia Nakata
68%
Czechy Nedved
68%
Brazylia Cafu
67%
Portugalia Eusebio
66%
Anglia Ferdinand
66%
Anglia Moore
66%
Węgry Puskas
66%
Ghana Essien
65%
Anglia Gerrard
63%
Rumunia Hagi
63%
Dania Laudrup
63%
Brazylia Rivaldo
63%
Chorwacja Suker
63%
Portugalia Figo
62%
Nigeria Okocha
62%
Dania Schmeichel
62%
Argentyna Veron
62%
Serbia Vidic
62%
Argentyna Zanetti
62%
Anglia Cole
61%
Szkocja Dalglish
61%
Francja Henry
61%
Meksyk Hernandez
61%
Hiszpania Puyol
61%
Walia Rush
61%
Hiszpania Xavi
61%
Brazylia Kaka
60%
Finlandia Litmanen
60%
Brazylia Socrates
60%
Argentyna Crespo
59%
Brazylia Garrincha
59%
Walia Giggs
59%
Irlandia Keane
59%
Szwecja Larsson
59%
Holandia van der Sar
59%
Anglia Beckham
58%
Brazylia Carlos Alberto
58%
Holandia Cruyff
58%
Anglia Lampard
58%
Meksyk Sanchez
58%
Hiszpania Casillas
57%
Anglia Lineker
57%
Bułgaria Stoichkov
57%
Holandia van Basten
57%
Anglia Campbell
56%
Niemcy Klose
56%
Argentyna Riquelme
56%
Anglia Owen
55%
Portugalia Deco
54%
Anglia Rooney
54%
Francja Blanc
53%
Ukraina Shevchenko
53%
Anglia Shearer
52%
Hiszpania Butragueno
51%
Portugalia Costa
51%
Francja Desailly
51%
Włochy Pirlo
51%
Hiszpania Torres
51%
Niemcy Matthaus
50%
Francja Petit
50%
Włochy Del Piero
49%
Anglia Scholes
49%
Włochy Baresi
48%
Włochy Cannavaro
48%
Hiszpania Hierro
48%
Francja Vieira
48%
Niemcy Ballack
47%
Holandia Koeman
47%
Francja Trezeguet
46%
Anglia Wright
46%
Anglia Barnes
45%
Francja Makelele
45%
Włochy Nesta
45%
Francja Pires
44%
Włochy Zambrotta
43%
Hiszpania Raul
42%
Włochy Vieri
42%
Hiszpania Guardiola
41%
Włochy Inzaghi
41%
Holandia van Persie
40%
Francja Cantona
39%
Włochy Gattuso
38%
Holandia Seedorf
38%
Niemcy Schweinsteiger
37%
Holandia van Nistelrooy
36%
Włochy Baggio
35%
Holandia Bergkamp
35%
Holandia Rijkaard
32%
Włochy Zola
32%
Holandia Overmars
31%
Holandia Kluivert
30%
Nie znaleziono quizów pasujących do podanych kryteriów
Rozkład punktacji
Procent ludzi z każdym wynikiem
Percentyl według liczby udzielonych odpowiedzi
Twoja historia wyników
Nie rozwiązałeś tego quizu